College physical science
Uloženo v:
| Hlavní autoři: | , |
|---|---|
| Médium: | Kniha |
| Jazyk: | angličtina |
| Vydáno: |
Englewood Cliffs
Prentice-Hall
1958
|
| Témata: | |
| Tagy: |
Přidat tag
Žádné tagy, Buďte první, kdo vytvoří štítek k tomuto záznamu!
|
MARC
| LEADER | 00000nam a2200000 a 4500 | ||
|---|---|---|---|
| 001 | UCT2060 | ||
| 003 | CL-VaPUC | ||
| 008 | 961004e19580000us |||||||||||||||||eng|d | ||
| 082 | 0 | 4 | |a 530 |b SLA |2 21 |
| 100 | 0 | |a Slabaugh, Wendell H |e author |9 371134 | |
| 700 | 0 | |a Butler, Alfred B |e author |9 371135 | |
| 245 | 1 | 0 | |a College physical science |
| 300 | |a 496 p | ||
| 942 | |c BK | ||
| 945 | |d 19961004 00:00:00 |a paguirre | ||
| 260 | |a Englewood Cliffs |b Prentice-Hall |c 1958 | ||
| 650 | 0 | |a Física |9 227844 | |
| 650 | 0 | |a Energía |9 259431 | |
| 650 | 0 | |a Gravitación |9 332312 | |
| 650 | 7 | |a FUERZAS |2 CL-VaPUC |9 360776 | |
| 650 | 0 | |a Movimiento |9 322237 | |
| 650 | 7 | |a SISTEMA SOLAR |2 CL-VaPUC |9 268650 | |
| 650 | 0 | |a Electricidad |9 260222 | |
| 650 | 0 | |a Magnetismo |9 260336 | |
| 650 | 7 | |a TEORIA ATOMICA |2 CL-VaPUC |9 313933 | |
| 650 | 0 | |a Estructura atómica |9 259944 | |
| 650 | 0 | |a Reacciones químicas |9 259438 | |
| 650 | 0 | |a Cinética |9 260943 | |
| 650 | 0 | |a Calor específico |9 259409 | |
| 650 | 0 | |a Energía térmica |9 357587 | |
| 650 | 0 | |a Cosmología |9 269138 | |
| 583 | |a last modification |c 20150428 10:57:58 |k Rodrigo Vera | ||
| 999 | |c 252341 |d 252339 | ||